[Event "Monarch Assurance 11th"]
[Site "Port Erin"]
[Date "2002.10.06"]
[Round "9.1"]
[White "Dautov, Rustem"]
[Black "Epishin, Vladimir"]
[Result "1/2-1/2"]
[WhiteElo "2617"]
[BlackElo "2643"]
[Annotator "Dautov,R"]
[PlyCount "133"]
[EventDate "2002.09.28"]
[EventType "swiss"]
[EventRounds "9"]
[EventCountry "IOM"]
[SourceTitle "CBM 091"]
[Source "ChessBase"]
[SourceDate "2002.11.12"]
[SourceVersion "1"]
[SourceVersionDate "2002.11.12"]
[SourceQuality "1"]

1. d4 Nf6 2. c4 e6 3. Nc3 Bb4 4. Qc2 O-O 5. a3 Bxc3+ 6. Qxc3 b6 7. Bg5 Bb7 8.
Nf3 d6 9. Nd2 Nbd7 10. f3 c5 (10... Rc8 11. e4 h6 12. Bh4 c5 13. Bd3 Re8 14.
O-O e5 $2 15. d5 $16 Nf8 16. Rfe1 g5 17. Bf2 {Weiß steht deutlich besser,
dennoch wurde hier Remis vereinbart, Gustafsson,J-Epishin,V/Deizisau 2002.})
11. e4 Re8 12. Bd3 Qc7 $1 (12... h6 13. Bh4 Qc7 14. O-O cxd4 15. Qxd4 Qc5 16.
Bf2 $14) 13. O-O cxd4 14. Qxd4 Qc5 15. Qxc5 $146 {Ohne die Vorgängerpartie zu
kennen entschied ich mich für diesen unmittelbaren Damentausch, der Schwarz
beim Zurückschlagen die Qual der Wahl überläßt.} (15. Be3 e5 (15... d5 $5) 16.
Qxc5 dxc5 17. b4 a5 18. Rfb1 axb4 19. axb4 Rxa1 20. Rxa1 Ra8 21. Rxa8+ Bxa8 22.
bxc5 Nxc5 $11 {Hillarp Persson,T-Backe,P/Stockholm 1998}) 15... bxc5 $6 {
Diese Möglichkeit ist nicht die beste. Ein leichteres Leben versprach Schwarz
das Nehmen mit dem d-Bauern analog der o.g.Partie.} (15... Nxc5 16. Bc2 $14) (
15... dxc5 $1 16. b4 a5) 16. b4 {Weiß verfügt nun über einen klaren Plan des
Spiels auf dem Damenflügel: Sb3-(a5), b4-b5, a3-a4 usw. Was kann der
Nachziehende dem entgegensetzen?} h6 {Epishin bereitet die Zentrumsöffnung vor.
} (16... a5 17. b5 $14) (16... d5 17. cxd5 exd5 18. Bb5 $1 a6 19. Ba4 Rec8 20.
Nb3 $1 dxe4 (20... cxb4 $2 21. Na5 $16) 21. Bxf6 Nxf6 22. Nxc5 Bd5 23. Rac1
exf3 24. gxf3 $14) 17. Be3 $14 (17. Bh4 d5 18. exd5 exd5 {/\Re3,Ne5} 19. Rfe1
Rxe1+ 20. Bxe1 $1 (20. Rxe1 cxb4 21. axb4 a5 22. Bxf6 Nxf6 23. Re7 Bc8 $11)
20... Ne5 21. Bf1 dxc4 22. Nxc4 Nxc4 23. Bxc4 cxb4 24. axb4 a6 $14) (17. Bxf6
Nxf6 18. Nb3 $14) 17... d5 $1 18. cxd5 {Erneut hat Weiß einige Möglichketen.
Er kann auf vielerlei Art einen Bauern, zumindest provisorisch, gewinnen, und
der Textzug ist die beste davon.} (18. bxc5 $6 dxe4 19. Nxe4 Nxe4 20. fxe4 Rec8
21. Rab1 Ba6 $11) (18. exd5 exd5 19. Bxc5 Nxc5 20. bxc5 Re3 21. Bc2 Ba6 $11)
18... exd5 19. bxc5 dxe4 20. Nxe4 $2 (20. fxe4 $1 Ne5 (20... Ng4 $2 21. Bd4
Red8 22. Be2 Nge5 23. Nc4 $16) 21. Rab1 $1 (21. Bb5 Re6) 21... Rad8 22. Bc2 Ba8
$14) 20... Nxe4 21. fxe4 Ne5 $2 {Zum Glück übersah auch Epishin eine taktische
Möglichkeit, das Spiel auszugleichen.} (21... Bxe4 22. Bb5 (22. Bc4 Ne5 $11)
22... Bd3 $1 {FRITZ} (22... Re7 23. Rfd1 $14) 23. Bxd7 Bxf1 24. Bxe8 Rxe8 25.
Rxf1 (25. Bxh6 Bb5 26. Bf4 Re2 $11) 25... Rxe3 26. Rc1 Re7 27. Kf2 Kf8 $11) 22.
Bb5 {Schwarz wird zwar bald den Bauern e4 zurückgewinnen, kann aber den für
ihn günstigen Abtausch der weißfeldrigen Läufern nicht erzwingen. Ein weißer
Turm wird nach bald d6 gebracht, um die gegnerische Blockade des Punktes c6
streitig zu machen.} Bc6 $2 ({Besser war laut Epishin} 22... Re6 $1 23. Rfd1
Bxe4 24. Rd6 Rxd6 25. cxd6 a6 26. Be2 f6 $14 {/\Kf7}) 23. a4 $1 {Provoziert
die Schwächung des schwarzen a-Bauern.} a6 24. Be2 $16 {><a6} Bxe4 25. Rfd1 Nc6
(25... Bc6 26. Rd6 Re6 27. a5 Kf8 28. Rxe6 fxe6 29. Bf4 $16) 26. Rd6 Nb4 27.
Bd2 a5 (27... Bxg2 $4 28. Bd1 $18) (27... Nc2 28. Rc1 Rac8 29. Bxa6 Rxc5 30. a5
$16) 28. Bb5 {Der Läufer kehrt gerne nach b5 zurück, wo er nun sicher
verankert ist. Die Blockade des Feldes c5 beginnt ernsthaft zu schwächeln.} Re6
29. Re1 Bf5 (29... Rxd6 $2 30. cxd6 f5 31. d7 Kf7 32. Rc1 $18) 30. Rexe6 $2 (
30. Rdxe6 $1 Bxe6 (30... fxe6 31. c6 $18) 31. c6 Rc8 (31... Kf8 32. c7 Ke7 33.
Bxb4+ axb4 34. Ba6 $18) 32. Rc1 {Er gehört doch immer hinter den Freibauern!}
Kf8 33. c7 Ke7 34. Bxb4+ axb4 35. Ba6 Ra8 36. Re1 $1 $18) 30... Bxe6 31. Be3 $2
$138 {Eigentlich habe ich hier 31.c6 geplant, nahm aber davon wegen
Zeitmangels Abstand. Stattdessen beschloß ich für die Zeitnotphase die
Überführung des Königs zum Damenflügel.} (31. c6 $1 {war zwar nicht so
entscheidend wie mit dem weißen Turm auf c1, sicherte mir aber die besten
Gewinnchancen:} Rc8 (31... Kf8 32. Be3 Ke7 33. Bc5 $18) 32. Be3 (32. Bf4 Nd5
33. Bg3 Kf8 34. Ba6 Ra8 (34... Rb8 $2 35. Rxe6 $18) 35. Bc4 Nc7 $16) 32... Nd5
$1 (32... Bd5 $2 33. Bb6 Bxc6 34. Bxa5 Bxb5 35. axb5 $18) 33. Bc5 $16) 31...
Rc8 32. Kf2 Bd5 33. g3 Kf8 34. Ke2 Bc6 35. Kd2 Ke7 36. Bd4 f6 37. Kc3 Rc7 38.
Kc4 $2 ({Stattdessen war} 38. Bxc6 $1 {richtig. Der weiße König kann seinen
Freibauern gut unterstützen.} Nxc6 (38... Rxc6 39. Rxc6 Nxc6 {Dieses
Leichtfigurenendspiel ist gewonnen für Weiß.} 40. Be3 $1 ({Das Bauernendspiel
ist dagegen remislich und sollte vermieden werden:} 40. Kc4 $2 Nxd4 41. Kxd4
Kd7 42. Kd5 h5 43. h4 g5 44. c6+ Kc7 45. Ke6 Kxc6 46. Kxf6 gxh4 47. gxh4 Kd6
48. Kg5 Ke6 49. Kxh5 Kf6 $11) 40... Ke6 41. Kc4 g5 (41... f5 42. Kb5 Kd5 43. h4
$18) 42. Kb5 Kd5 43. g4 Ne5 44. h3 Nc6 45. Bd2 $18) 39. Be3 {/\Kc4-b5} (39. Kc4
Nxd4 40. Kxd4 Rd7 $11) 39... Ne5 40. Ra6 Rd7 41. Bf4 Rd3+ 42. Kc2 Rd4 43. Rxa5
$16) 38... Bg2 $1 $14 {Die Drohung Bd4-c3 wird taktisch abgewehrt.} 39. Kb3 (
39. Bc3 $2 Bf1+ 40. Kb3 (40. Kd4 $2 Nc2+ $17) 40... Bxb5 41. Bxb4 axb4 42. axb5
Rxc5 43. Rb6 g5 44. Kxb4 Rc2 $11) 39... Bf3 40. Kc3 h5 41. Bf2 $2 {Über die
Zeitkontrolle gekommen, mußte ich feststellen, daß die Gewinnführung äußerst
schwierig geworden ist. Etwas Besseres als das Erreichen der
Figurenaufstellung Kc4, Bc3 fiel mir nicht mehr ein, so beschloß ich die
Vertreibung des lästigen schwarzen Läufers mit dem Turm.} Nd5+ 42. Kc4 Nb4 43.
Rd2 Nc6 44. Rd6 Nb4 $2 (44... Ne5+ 45. Kc3 Nd7 $1 46. Bxd7 (46. Kc4 Ne5+) 46...
Rxd7 47. Ra6 Rd8 $1 48. Rxa5 (48. Ra7+ Ke6 49. Rxg7 Bc6 $11) 48... Ra8 $11) 45.
Be3 Be2+ 46. Kb3 Bf3 47. Rd2 $2 Bd5+ 48. Kb2 Ke6 49. Rf2 Rb7 $5 {Endlich kann
Schwarz aktiv werden; er nutzt die Chance zum Abtausch der weißfeldrigen
Läufer, selbst wenn diese Entscheidung große Gefahren in sich birgt. Viel
praktischer war das passive Abwarten, da Weiß sichtlich den Faden verloren
hatte.} 50. Kc3 Bc6 51. Kc4 Bd5+ 52. Kd4 Bc6 53. Kc4 Bd5+ 54. Kc3 Bc6 55. Bxc6
Nxc6 56. Rd2 Ne5 $1 (56... Rd7 $2 57. Rxd7 Kxd7 58. Kc4 g5 (58... Ke6 59. h4 $1
Ne5+ 60. Kb5 Kd5 61. Bd2 Nc6 62. Bc3 Na7+ 63. Ka6 $1 Nc6 64. Kb6 Nb8 (64... Nb4
65. Kxa5 Na2 66. Bd2 Kxc5 67. Ka6 Kc6 68. a5 $18) 65. Bxa5 Nd7+ 66. Kb5 Nxc5
67. Bb4 $18) 59. Kb5 Kc7 60. Bd2 Kb7 61. Bc3 f5 62. Bf6 g4 (62... f4 63. Bxg5
f3 64. Be3 Ne5 65. h3 Nd3 66. g4 $18) 63. Bg5 Nd4+ 64. Kxa5 Nf3 65. Bf4 Kc6 66.
Kb4 Nxh2 67. a5 Nf3 68. a6 h4 69. Be3 $1 $18) (56... Ne7 $2 57. Rd6+ Kf5 58.
Bd2 Rb4 59. Rd4 Rb7 60. Kc4 $16) 57. Rd6+ Kf5 58. Rb6 (58. Ra6 Rb4 $1 59. Rxa5
Rc4+ 60. Kb3 Ke4 61. Bf4 Kd4 62. Bxe5+ fxe5 $11) 58... Rd7 59. Bd4 Rc7 $2 {
Zum Ende der Partie steigt die Fehlerquote drastisch. Es lief die siebte
Stunde des Spiels, und wir waren beide ziemlich müde geworden.} (59... Ke4 $2
60. Bxe5 fxe5 61. Rd6 Rb7 62. c6 Rb1 63. Kc4 Rc1+ 64. Kb5 $18) ({Die Krönung
der aktiven Verteidigung, die Schwarz im 49. Zug eingeleitet hatte, setzte} 
59... Rd5 $3 {(Epishin)} 60. c6 (60. Rd6 Ke4 $11) 60... Ke6 61. Bxe5 fxe5 62.
c7+ Kd7 63. Rc6 Kc8 $11) 60. Rb5 $16 Nc6 61. Kc4 Re7 62. Kd5 $2 {Kopfloses
Vorwärtspreschen! Nach dem nicht schwer zu findenden 62. Bc3! wäre Schwarz
hilflos gegen das Eindringen des weißen Königs via d5 oder b5.} (62. Bc3 $1 {
/\Kd5,Rb6} Re3 63. Kd5 $18) 62... Re6 63. Rb6 $2 {Und erneut sollte das
prophylaktische 63.Bc3! den Gewinn bringen.} (63. Bc3 Ne7+ 64. Kc4 Re4+ 65. Kb3
Re3 66. c6+ Ke6 67. c7 Kd7 68. Rxh5 Kxc7 69. Rxa5 $18) 63... Ne7+ $2 {Diesmal
greift Epishin fehl. Sowohl 63...Nb4+, als auch 63...Nxd4 war deutlich besser.}
(63... Nb4+ 64. Kc4 Re2 $14) (63... Nxd4 64. Kxd4 Re2 $14) 64. Kc4 Re2 (64...
Re4 65. Rd6 $16 {/\c6}) 65. Rb2 Re4 66. Kd3 $2 {Der letzte Fehler, ich habe
den nächsten Zug von Schwarz vollkommen unterschätzt.} ({Gute Gewinnchancen
bot 66.Rd2, aber ich war erneut unter Zeitdruck und sah nicht, daß das
entstehende Bauernendspiel gewonnen war.} 66. Rd2 $1 {/\Kb5} Nc6 67. Kd5 Rxd4+
(67... Nb4+ 68. Kd6 $18 {/\Bc3}) 68. Rxd4 Nxd4 69. Kxd4 Ke6 70. Kc4 $1 g5 71.
Kb5 Kd7 72. Kb6 Kc8 73. Kxa5 f5 74. Kb5 $18) 66... Rg4 $1 $11 {Plötzlich hat
Schwarz eine optimale Figurenaufstellung erreicht: es droht h5-h4, der weiße
König ist abgeschnitten. Mir verblieben nur noch 10 Minuten bis zum Rest der
Partie und ich beschloß, meine Gewinnversuche durch ein Friedensangebot
einzustellen.} 67. Rb7 (67. Rb7 Nc6 68. Rd7 h4 69. gxh4 Rxh4 70. Bc3 $11)
1/2-1/2

[Event "Olympiad-34"]
[Site "Istanbul"]
[Date "2000.11.08"]
[Round "11.2"]
[White "Georgiev, Kiril"]
[Black "Dautov, Rustem"]
[Result "1-0"]
[WhiteElo "2661"]
[BlackElo "2606"]
[Annotator "Dautov,R"]
[PlyCount "80"]
[EventDate "2000.10.28"]
[EventType "team-swiss"]
[EventRounds "14"]
[EventCountry "TUR"]
[SourceTitle "EXT 2001"]
[Source "ChessBase"]
[SourceDate "2000.11.22"]
[SourceVersion "1"]
[SourceVersionDate "2000.11.22"]
[SourceQuality "1"]
[WhiteTeam "Bulgaria"]
[BlackTeam "Germany"]
[WhiteTeamCountry "BUL"]
[BlackTeamCountry "GER"]

1. d4 Nf6 2. c4 e6 3. Nc3 Bb4 4. Qc2 O-O 5. a3 Bxc3+ 6. Qxc3 b6 7. Nf3 Bb7 8.
e3 d6 9. b3 Nbd7 10. Bb2 c5 (10... Ne4 11. Qc2 f5) (10... Qe7 11. Be2 Ne4 12.
Qc2 f5) 11. Be2 Rc8 (11... cxd4 12. Nxd4 $6 (12. exd4 $1) 12... e5 (12... Nc5
$11) 13. Nf3 Nc5 14. O-O Rc8 15. Nd2 Qe7 16. f3 h6 17. Rfd1 Ne6 $11 {Gabriel,
C-Hracek,Z/Altensteig 1995}) (11... Qe7 12. O-O Rac8 13. Rad1 d5 14. dxc5 (14.
cxd5 Nxd5 15. Qd2 Rfd8 $11) 14... Nxc5 15. Qe5 Rfd8 16. Nd4 Qf8 17. f3 dxc4 18.
Bxc4 Bd5 $1 19. Bxd5 {mit Remis in der Partie Timman-Karpov/Fide-Wch (21) 1993.
}) 12. O-O d5 13. Rfd1 Qe7 14. a4 $1 {Eine gute Möglichkeit, den Ra1 zu
aktivieren.} (14. Rac1 Rfd8 $11) 14... Ne4 15. Qe1 (15. Qc2 $5) 15... Rfd8 $6 {
Mit der Idee eines Springermanövers gespielt.} ({Im Nachhinein kann man aber
sagen, daß das natürliche} 15... a5 $1 {wesentlich sicherer wäre. Schwarz
erreicht in allen Varianten das gleiche Spiel.} 16. Nd2 (16. dxc5 Ndxc5 17. Ba3
(17. Nd4 $2 e5) (17. b4 $2 Nb3) 17... Qf6 $11) (16. Ba3 Qf6 17. Rac1 Rfd8 $11)
16... Nxd2 17. Rxd2 Rfd8 $11) 16. a5 Nb8 $1 {Das war meine Idee. Der Springer
verläßt seine passive Position auf d7 und strebt über c6 einen besseren Posten
an, a5 oder b4. Jedoch hat dieses Manöver einen Nachteil- der Springer auf c6
verstellt für kurze Zeit den Bb7, und Weiß kann diesen Umstand durch den
rechtzeitigen Abtausch c4xd5 ausnutzen.} 17. axb6 axb6 18. Nd2 $1 (18. Ne5 f6
19. Nf3 Nc6 20. cxd5 exd5 21. dxc5 bxc5 $11 {/\Nb4}) 18... Nxd2 19. Rxd2 Nc6 $2
({Gerade aus den o. g. Gründen sollte} 19... dxc4 $1 {geschehen, mit etwa
gleichen Chancen. Z.B:} 20. Bxc4 (20. bxc4 Qg5 (20... Nc6 21. d5 Na5 22. dxe6
Qxe6 $11) 21. Bf1 Nc6 22. f4 Qg6 $132) 20... b5 $1 21. Bf1 (21. Bxb5 $6 Bxg2 $1
22. Kxg2 Qb7+) 21... cxd4 22. Bxd4 Nc6 23. Bb2 Rxd2 24. Qxd2 b4 $11) 20. cxd5
$1 $14 exd5 {Schweren Herzens gespielt: der Bauer wird schwach auf d5, und der
schwarze Läufer degradiert zu einem passiven Verteidiger. Ich mußte aber
feststellen, das mir bei der Variantenberechnung ein Fehler unterlaufen ist.} (
{Ursprünglich plante ich hier} 20... Na5 {, unterschätzte aber die
gegnerischen Möglichkeiten nach} 21. Rd3 $1 {In der Tat, Weiß hat in allen
Varianten Vorteil:} (21. dxc5 $2 Nxb3 $17) (21. dxe6 $2 Nxb3 22. exf7+ Qxf7 $17
) 21... Rxd5 (21... Bxd5 $2 22. dxc5 Nxb3 (22... Rxc5 $2 23. Ba3 $18) 23. Qc3
Qg5 24. Rxd5 exd5 25. Qxb3 bxc5 $16) (21... Ba6 $2 22. Rc3 Bxe2 23. Qxe2 cxd4 (
23... Rxd5 24. b4 $16) 24. Rxc8 Rxc8 25. Qd3 dxe3 26. Qxe3 $16) 22. e4 Rdd8 (
22... Rg5 23. f3 $14) 23. dxc5 Rxd3 (23... Bxe4 $2 24. Rg3 $16) 24. Bxd3 Qxc5
25. Rc1 Qf8 26. Rxc8 Qxc8 27. b4 Nc6 28. b5 $14) (20... Rxd5 21. Bf3 Rdd8 22.
dxc5 Rxd2 23. Qxd2 bxc5 24. Qc3 $14) 21. Qd1 $1 {Ein typischer Zug, Weiß nimmt
die Schwäche d5 sofort ins Visier.} ({Weniger klar ist} 21. Ba3 Ra8 {,z.B.,}
22. Rda2 Qg5 $1 23. dxc5 bxc5 24. Bxc5 $2 Rxa2 25. Rxa2 d4 $17) 21... cxd4 $2 {
Es war mir vollkommen klar, wie unangenehm meine Stellung geworden war.
Anstatt mich auf die passive Verteidigung der "hängenden" Bauern umzustellen,
beschloß ich, im aktiven Spiel Remischancen zu suchen. Keine gute Idee, aber
es hätte fast funktioniert...} (21... Nb4 22. Ba3 $14) (21... Qg5 22. Bf3 $14)
(21... Qe6 22. Bg4 f5 23. Bf3 Ne7 $14) 22. Bxd4 Nxd4 23. Rxd4 $16 Ra8 24. Rxa8
Rxa8 25. Bf3 $2 {Zu meinem Glück übersieht auch Kiril seine beste Möglichkeit.}
({Mit} 25. e4 $1 {konnte er einen Bauern gewinnen.} Ra2 (25... g6 26. exd5 Re8
27. Bf1 $16) (25... Qc5 26. exd5 Qc3 27. Ra4 Rd8 28. Rc4 Qe5 29. Bf3 $16) 26.
Bf3 Qh4 27. g3 Qf6 28. exd5 g6 29. Ra4 $16) 25... Qc5 26. g3 Qc3 $1 {/\Ra1
Jetzt aber ging meine Rechnung auf. Dank seiner Aktivität sollte Schwarz den
Remishafen erreichen können.} 27. Kg2 (27. Rd3 $5 Qb2 (27... Qf6 28. Rd4 g6 29.
Kg2 Ra2 30. Qb1 $1 $16) 28. Rd2 $1 Qc3 29. Kg2 Ra5 $1 (29... Ra1 $2 30. Qc2 (
30. Qe2 $4 Ba6 $19) 30... Qxc2 (30... Qe5 31. Qe4 $1 $16) 31. Rxc2 g6 32. Rc7
$16) 30. e4 (30. Rd3 Qb2 31. Bxd5 $4 Rxd5 32. Rxd5 Qe5 $19) 30... Ra1 31. Rc2
$1 Rxd1 32. Rxc3 Rd2 33. Rc7 dxe4 34. Rxb7 exf3+ 35. Kxf3 h5 36. Rxb6 Rb2 $14)
27... Ra2 ({Der leichtere Weg zum Remis bestand in} 27... Ra1 $1 28. Qd2 (28.
Qd3 Qxd3 29. Rxd3 Ba6 30. Rd1 Rxd1 31. Bxd1 Kf8 $11) (28. Rc4 Qxc4 29. Qxa1 Qc6
$14) 28... Qxb3 29. Rb4 (29. Bxd5 Bxd5+ 30. Rxd5 h6 $11) 29... Qa2 30. Qxa2
Rxa2 31. Rxb6 Ra7 32. Rb5 g6 $14 {, und Weiß bekommt nur das theoretisch
remisliche Turmendspiel "4 gegen 3 auf einem Flügel".}) 28. Bxd5 (28. Qb1 Rb2
$1 (28... Qxe3 $2 29. Qxa2 Qxd4 30. Qa7 Bc8 31. Qb8 Qc5 32. Bg4 $18) 29. Qe4 g6
30. Qe8+ Kg7 31. Qe5+ Kg8 32. Qb8+ Kg7 33. Qf4 (33. Qxb7 $2 Qxe3 $19) 33... Bc6
$132) 28... Qxe3 29. Qf3 Bxd5 30. Rxd5 Qe8 {In diesem Augenblick befand ich
mich bereits in Zeitnot, deswegen war die Entscheidung, die Damen auf dem
Brett zu behalten, im jeden Fall falsch. Schwarz hat gute Remischancen im
Turmendspiel ohne den Bauern b6, und das Spiel in Zeitnot ist in einem solchen
Endspiel relativ leicht.} (30... Qe7 $5 31. Qe3 Kf8 32. Qd4 Ra8 33. Rd6 $1 (33.
Rd7 Qe8 (33... Qe6 $2 34. Rd6 $16) 34. Rd6 b5 35. Qd5 Rb8 $11) 33... b5 (33...
Qb7+ 34. Kg1 Re8 35. Qb4 $16) 34. Rd7 Qe6 (34... Qe8 35. Qd5 $16 Rb8 $2 36.
Rxf7+ $18) 35. Qd5 Qxd5+ 36. Rxd5 Rb8 37. Kf3 Ke7 38. Ke4 $14) (30... Qxf3+ $1
31. Kxf3 Kf8 32. Rd6 (32. Rb5 $2 Ra6 33. Ke4 Ke7 34. Kd5 Kd7 $11) 32... Rb2 (
32... Ra6 33. b4) 33. Rxb6 h5 34. h4 Ke7 {, und Schwarz behält gute
Remischancen.}) 31. Rd6 b5 32. Qc6 Qf8 $2 ({Erneut war} 32... Qxc6+ $1 33. Rxc6
Kf8 {anzuraten.}) 33. Rd7 b4 34. Rb7 g6 (34... Qa8 $4 35. Qc7 $18) 35. Qe4 $1 {
Georgiev will die Chance nutzen und das Endspiel Q+R gegen Q+R mit dem
Mehrbauern "b" erreichen. Ein solches Endspiel wäre für Weiß technisch
gewonnen.} Qc5 $1 36. Qe8+ Qf8 37. Qe5 {/\Qf4} Qa8 $4 {Bei knapper Zeit hatte
ich plötzlich vergessen, daß das Feld a8 für die Dame tabu ist.} ({Richtig war
} 37... Rc2 $1 38. Qf4 $1 (38. Qe4 Qc5 39. Qe8+ Qf8) 38... h5 39. Rxb4 (39. h4
Kg7) 39... Qa8+ 40. Qe4 Qxe4+ 41. Rxe4 Rb2 {, und sowohl bei} 42. b4 Kg7 43. h4
Kf6 44. Kf3 Kf5 45. Rf4+ Ke5 {, als auch bei 42.Rb4 Kg7 hätte Schwarz gute
Remischancen.}) 38. Qc7 $18 Rxf2+ 39. Kxf2 Qa2+ 40. Kf3 Qxb3+ 1-0

[Event "Donner Memorial"]
[Site "Amsterdam"]
[Date "1995.??.??"]
[Round "10"]
[White "Granda Zuniga, Julio E"]
[Black "Huzman, Alexander"]
[Result "1/2-1/2"]
[WhiteElo "2605"]
[BlackElo "2580"]
[Annotator "Dautov,R"]
[PlyCount "84"]
[EventDate "1995.08.??"]
[EventType "tourn"]
[EventRounds "11"]
[EventCountry "NED"]
[EventCategory "16"]
[SourceTitle "CBM 049"]
[Source "ChessBase"]
[SourceDate "1995.12.01"]
[SourceVersion "1"]
[SourceVersionDate "1995.12.01"]
[SourceQuality "1"]

1. d4 Nf6 2. c4 e6 3. Nc3 Bb4 4. Qc2 O-O 5. a3 Bxc3+ 6. Qxc3 b6 7. Bg5 Bb7 8.
f3 c5 9. dxc5 bxc5 10. e3 h6 11. Bh4 d5 12. cxd5 (12. Bxf6 Qxf6 13. Qxf6 gxf6
14. Rc1 Nd7 15. cxd5 Bxd5 $10) 12... g5 13. Bf2 Nxd5 14. Qd2 (14. Qxc5 Qf6 15.
Qd4 Qxd4 16. exd4 Rc8 17. Kd2 Nc6 18. b4 Rd8 $44) 14... f5 $1 {N} (14... Qf6
15. h4 Nc6 (15... Rd8 16. Qc2 $2 (16. hxg5 $1 hxg5 17. Qc2 {>=}) 16... Qe5 17.
e4 Nc6 18. Be2 Nf4 19. g3 Nxe2 20. Nxe2 Nd4 21. Nxd4 cxd4 $17 {Dzevlan-Luther/
Budapest Kasparov/1991}) 16. hxg5 hxg5 17. Qc2 Qg7 18. Ne2 Rfd8 19. Nc3 Nxc3
20. bxc3 Ne5 21. e4 Qf6 22. Rb1 $16 {Sadler,M-Luther,Th/Cuxhaven 1994}) 15. Ne2
(15. e4 fxe4 (15... Nf4 16. Qxd8 Rxd8 17. exf5 exf5 18. Bxc5 Nc6 $44) 16. Bxc5
Rf7 17. fxe4 Nd7 $44) (15. Bc4 Nd7 16. Ne2 Ne5 17. Ba2 Ba6 $15) 15... Qf6 16.
Nc3 (16. Rc1 $5 Nd7 17. Nc3 Ne5 $5 18. Nxd5 Bxd5 19. Rxc5 Rac8 20. Rxc8 Rxc8
$44 {/\Nc4}) 16... Nxc3 17. Qxc3 Qxc3+ 18. bxc3 Nd7 19. Be2 (19. h4 $6 g4 {
><f3,g2}) 19... Ne5 20. O-O (20. Bg3 f4 21. exf4 gxf4 22. Bf2 c4 23. Rd1 Bd5
$10) 20... Rfd8 (20... c4 $5) 21. Rfb1 (21. Rfd1 c4 22. Rab1 Bc6 23. Rd4 Rxd4
24. exd4 Nd3 25. Kf1 Kf7 $10) 21... Bc6 22. Bg3 Nd3 23. c4 e5 $6 (23... f4 $5
24. exf4 Nxf4 25. Ra2 Rab8 $10) 24. Rb3 e4 25. fxe4 fxe4 26. Rf1 $14 {<->f,^^}
Kg7 27. Bc7 Rf8 (27... Rd7 28. Ba5 Rf8 $2 29. Bc3+ Kg8 30. Rxf8+ Kxf8 31. Rb8+
Kf7 32. Bh5+ $16) 28. Bxd3 exd3 29. Rxf8 Rxf8 30. Rxd3 $16 Kg6 31. Bd8 $6 (31.
Rd6+ Rf6 32. Rxf6+ Kxf6 33. Bd6 a6 (33... Kf5 $5 34. Bxc5 a5 $16) 34. Bxc5 Kf5
35. Kf2 h5 36. Bb6 $16 {/\Bd8,g3,Ke2-d3}) 31... Kf5 32. Be7 Rb8 $132 33. Rd2
Rb1+ 34. Kf2 Rc1 35. Bxc5 Rxc4 36. Bxa7 Rc3 37. h3 h5 38. Ra2 (38. a4 Bxa4 39.
Rd5+ Kg6 40. e4 Bc6 $10) 38... Bd5 39. e4+ Bxe4 40. a4 Rc2+ 41. Rxc2 Bxc2 42.
a5 h4 1/2-1/2